000 00647nam a2200181 a 4500
001 000026897
005 20200930030457.0
008 110328s1993 dr 000 0 spa d
040 _aDO-SdBNP
_bspa
_cBNPHU
082 _axxxx
_bC749q
111 1 _aCongreso Nacional de Derecho del trabajo
_n(5to.:
_d1993 may 26-29:
_cSanto Domingo)
_954005
245 1 0 _aV Congreso Nacional de Derecho del Trabajo.
246 1 3 _aQuinto Congreso Nacional de Derecho del Trabajo
260 _aSanto Domingo :
_bEditora Lozano,
_c1993.
300 _a307 p. ;
_c27 cm.
504 _aIncluye referencias bibliográficas y notas al pie de las páginas.
049 _aBNPD
999 _c26389
_d26389